000 00493pab a2200169 454500
008 180718b2012 xxu||||| |||| 00| 0 eng d
100 _aGao, Jie
245 _aHow does Chinese local government respond to citizen satisfaction surveys? A case study of Foshan city
260 _c2012
300 _ap.136-147.
362 _aJun
650 _aLocal government - China
650 _aLocal government
773 _aAustralian Journal of Public Administration
908 _aN
909 _a97063
999 _c97063
_d97063